Joueurs qui ont signé chez Havok - Statistiques

Statistiques générales
  • Ce quiz a été pris 32 fois
    28 depuis la dernière actualisation
  • Le résultat moyen est 12 sur 16
Statistiques - réponses
Pays Joueur % Correct
Suède Wox
100%
Suède Pixie
93%
Pologne Pixx
87%
Norvège IDrop
87%
Angleterre Nxthan
87%
France Snayzy
87%
Suède Dela
80%
France Esty
80%
Danemark Tjino
80%
France Netox
73%
Italie Rad3on
67%
France Yzy
67%
Belgique Snk
60%
France Kirwa
53%
France Seekk
53%
Italie Albaxna
40%
Aucun quiz correspondant
Distribution des résultats
% des personnes avec chaque résultat
Percentile par nombre de réponses
Votre historique - résultats
Vous n’avez pas pris ce quiz depuis la dernière actualisation